Možnosti zapojenia miestneho obyvateľstva do rozvoja turistiky v oblasti bývalej "Železnej opony" v regióne Bratislava a na Záhorí (štúdia)

Bibliographic Details
Main Authors: Mach, František (Author), Soukupová, Jana (Author), Mináriková, Marianna, 1930-2012 (Author)
Format: Book
Language:Slovak
PhysicalDescription:76 s. fotogr. 20 cm
Published: [Bratislava REC Slovensko 2007]
ISBN:9788096943692
Edition:[1. vyd.]
Subjects:

MARC

LEADER 00000nam a2200000 a 4500
001 vtls009173591
003 SK-MaSNL
005 20260425222838.0
008 240318s2006 xo o f 000 0dslo
015 |a SNBA2008/04-01724 
020 |a 9788096943692  |q (brož.) 
035 |a D7B5A9F9-A3E9-4045-AB11-88279FD7BA4A 
035 |a urn:nbn:sk:snk-aml1fs 
035 |a urn:nbn:sk:snk-am008n19 
040 |a SNK  |b slo  |c SNK  |e AACR2 
041 0 |a slo  |b eng 
043 |a e-xo--- 
044 |a xo  |c SK 
072 7 |a 338.3/.4  |x Hospodárske a výrobné odvetvia  |2 konspekt 
080 |a 338.48  |2 2001 
080 |a 338.48-6(1-22)  |2 2001 
080 |a (048.8)  |2 2001 
100 1 |a Mach, František  |4 aut  |9 316542 
245 1 0 |a Možnosti zapojenia miestneho obyvateľstva do rozvoja turistiky v oblasti bývalej "Železnej opony" v regióne Bratislava a na Záhorí  |b (štúdia)  |c [František Mach, Jana Soukupová, Marianna Mináriková] 
250 |a [1. vyd.] 
260 |a [Bratislava  |b REC Slovensko  |c 2007] 
300 |a 76 s.  |b fotogr.  |c 20 cm 
500 |a Biogr. údaje. Zoz. 
504 |a Bibliogr. s. 47 
546 |a Res. angl. 
650 0 7 |a cestovný ruch  |2 SNKPH  |9 999 
650 0 7 |a vidiecky cestovný ruch  |2 SNKPH  |9 998 
651 7 |a Bratislava (Slovensko)  |2 SNKPH  |9 14568 
651 7 |a Záhorie (Slovensko : región)  |2 SNKPH  |9 177455 
655 7 |a štúdie  |2 SNKPH  |9 57033 
700 1 |a Soukupová, Jana  |4 aut  |9 316543 
700 1 |a Mináriková, Marianna,  |d 1930-2012  |4 aut  |9 105255 
919 |a 978-80-969436-9-2 
958 |a NB 
958 |a OND 
968 |d 33 
999 |c 569741  |d 571671 
952 |a SNK  |b SNK  |y PREZ  |7 0  |p 17A0575684  |o snkSC 130421  |i snk2008/950  |8 0  |0 0  |1 0  |4 0  |d 2008-01-14  |f 1  |l 0  |r 2025-06-19 00:00:00  |w 2026-02-23 
952 |a SNK  |b SNK  |y VYP  |7 0  |p 17A0575683  |o snkSC 130421 D1  |i snk2008/951  |8 0  |0 0  |1 0  |4 0  |d 2008-01-14  |l 0  |r 2026-02-23 14:11:32  |w 2026-02-23